000 00733nam a2200277Ia 4500
005 20260324113902.0
008 008 260324s9999 xx 000 0 eng d
020 _a9781003301820
037 _aEBOOK
040 _aCRL
040 _beng
040 _cCRL
041 _2eng
041 _aeng
084 _qCRL
100 _aNagendra Singh; Sitendra Tamrakar; Arvind Mewada; Sanjeev Kumar Gupta
_91148563
245 0 _aArtificial Intelligence Techniques in Power Systems Operations and Analysis
260 _bTaylor and Francis
260 _c2023
365 _a
365 _b355
856 _uhttp://www.taylorfrancis.com/books/9781003301820
942 _cEBOOK
999 _c1738447
_d1738447